|
|
|
|
| LEADER |
00000caa a22000002c 4500 |
| 001 |
1912466902 |
| 003 |
DE-627 |
| 005 |
20250121055005.0 |
| 007 |
cr uuu---uuuuu |
| 008 |
241217s2013 xx |||||o 00| ||eng c |
| 035 |
|
|
|a (DE-627)1912466902
|
| 035 |
|
|
|a (DE-599)KXP1912466902
|
| 040 |
|
|
|a DE-627
|b ger
|c DE-627
|e rda
|
| 041 |
|
|
|a eng
|
| 084 |
|
|
|a 2,1
|2 ssgn
|
| 110 |
2 |
|
|a Substance Abuse and Mental Health Services Administration
|e VerfasserIn
|4 aut
|
| 245 |
1 |
0 |
|a Behavioral Health, United States, 2012
|
| 264 |
|
1 |
|b Substance Abuse and Mental Health Services Administration
|c 2013
|
| 336 |
|
|
|a Text
|b txt
|2 rdacontent
|
| 337 |
|
|
|a Computermedien
|b c
|2 rdamedia
|
| 338 |
|
|
|a Online-Ressource
|b cr
|2 rdacarrier
|
| 773 |
0 |
8 |
|i Enthalten in
|t Substance Abuse and Mental Health Services Administration
|
| 787 |
0 |
8 |
|i Forschungsdaten
|a Sedlak, Andrea
|t Survey of Youth in Residential Placement (SYRP) 2003 (United States)
|d [Erscheinungsort nicht ermittelbar] : [Verlag nicht ermittelbar], 2013
|w (DE-627)1840048654
|
| 787 |
0 |
8 |
|i Forschungsdaten
|a United States. Bureau of Justice Statistics
|t Survey of Inmates in State and Federal Correctional Facilities, (United States), 2004
|d [Erscheinungsort nicht ermittelbar] : [Verlag nicht ermittelbar], 2007
|w (DE-627)1840039736
|
| 787 |
0 |
8 |
|i Forschungsdaten
|a United States Department of Health and Human Services. National Center for Health Statistics
|t National Nursing Home Survey, 2004
|d [Erscheinungsort nicht ermittelbar] : [Verlag nicht ermittelbar], 2007
|w (DE-627)1902797116
|
| 787 |
0 |
8 |
|i Forschungsdaten
|a United States Department of Health and Human Services. National Center for Health Statistics
|t National Nursing Home Survey, 1999
|d [Erscheinungsort nicht ermittelbar] : [Verlag nicht ermittelbar], 2001
|w (DE-627)1902792572
|
| 787 |
0 |
8 |
|i Forschungsdaten
|a United States Department of Health and Human Services. National Center for Health Statistics
|t National Nursing Home Survey, 1997
|d [Erscheinungsort nicht ermittelbar] : [Verlag nicht ermittelbar], 2000
|w (DE-627)1902791754
|
| 787 |
0 |
8 |
|i Forschungsdaten
|a United States Department of Health and Human Services. National Center for Health Statistics
|t National Nursing Home Survey, 1995
|d [Erscheinungsort nicht ermittelbar] : [Verlag nicht ermittelbar], 1997
|w (DE-627)1902798236
|
| 787 |
0 |
8 |
|i Forschungsdaten
|a United States Department of Health and Human Services. Centers for Disease Control and Prevention. National Center for Health Statistics
|t National Home and Hospice Care Survey, 2007
|d [Erscheinungsort nicht ermittelbar] : [Verlag nicht ermittelbar], 2010
|w (DE-627)1902791827
|
| 787 |
0 |
8 |
|i Forschungsdaten
|a Alegria, Margarita;Jackson, James S. (James Sidney);Kessler, Ronald C.;Takeuchi, David
|t Collaborative Psychiatric Epidemiology Surveys (CPES), 2001-2003 [United States]
|
| 787 |
0 |
8 |
|i Forschungsdaten
|a Kessler, Ronald C.
|t National Comorbidity Survey: Adolescent Supplement (NCS-A), [United States], 2001-2004
|
| 787 |
0 |
8 |
|i Forschungsdaten
|a United States Department of Health and Human Services; RTI International
|t National Survey of Child and Adolescent Well-Being, 2001-2010
|
| 856 |
4 |
0 |
|u http://media.samhsa.gov/data/2012BehavioralHealthUS/2012-BHUS.pdf
|q application/pdf
|x Verlag
|z lizenzpflichtig
|3 Volltext
|7 1
|
| 935 |
|
|
|a mkri
|
| 951 |
|
|
|a AR
|
| ELC |
|
|
|a 1
|
| LOK |
|
|
|0 000 xxxxxcx a22 zn 4500
|
| LOK |
|
|
|0 001 4637432391
|
| LOK |
|
|
|0 003 DE-627
|
| LOK |
|
|
|0 004 1912466902
|
| LOK |
|
|
|0 005 20241217044159
|
| LOK |
|
|
|0 008 241217||||||||||||||||ger|||||||
|
| LOK |
|
|
|0 035
|a (DE-2619)ICPSR112979
|
| LOK |
|
|
|0 040
|a DE-2619
|c DE-627
|d DE-2619
|
| LOK |
|
|
|0 092
|o n
|
| LOK |
|
|
|0 852
|a DE-2619
|
| LOK |
|
|
|0 852 1
|9 00
|
| LOK |
|
|
|0 935
|a uvkn
|a nacp
|
| LOK |
|
|
|0 939
|a 17-12-24
|b l01
|
| ORI |
|
|
|a SA-MARC-krimdoka001.raw
|